Score 0/7 Timer 04:00
0 Plays Today
Country % Correct
Trinidad and Tobago
90.3%
St. Kitts and Nevis
83.2%
Antigua and Barbuda
80.6%
St. Vincent and the Grenadines
78.2%
Bosnia and Herzegovina
77.2%
São Tomé and Príncipe
73.7%
United Kingdom of Great Britain and Northern Ireland
27.5%
Remove Ads.
Support Sporcle.
Get the best of Sporcle when you Go Orange. This ad-free experience offers more features, more stats, and more fun while also helping to support Sporcle. Thank you for becoming a member.

You're not logged in!

Compare scores with friends on all Sporcle quizzes.
OR
Log In

Show Comments

Extras

Created Oct 3, 2009SourceReportNominate
Tags:Country Quiz

Top Quizzes Today


Score Distribution

Your Account Isn't Verified!

In order to create a playlist on Sporcle, you need to verify the email address you used during registration. Go to your Sporcle Settings to finish the process.

Report this User

Report this user for behavior that violates our Community Guidelines.

Details: